LEADER 02067nam 2200553 450 001 9910798635103321 005 20170425091834.0 035 $a(CKB)3710000000884442 035 $a(MiAaPQ)EBC4709179 035 $a(DLC) 2016045408 035 $a(EXLCZ)993710000000884442 100 $a20161018h20162016 uy 0 101 0 $aeng 135 $aurcnu|||||||| 181 $2rdacontent 182 $2rdamedia 183 $2rdacarrier 200 00$aManaging plurilingual and intercultural practices in the workplace $ethe case of multilingual Switzerland /$fedited by Georges Lu?di, Katharina Ho?chle Meier, Patchareerat Yanaprasart 210 1$aAmsterdam, [Netherlands] ;$aPhiladelphia, [Pennsylvania] :$cJohn Benjamins Publishing Company,$d2016. 210 4$d©2016 215 $a1 online resource (384 pages) $cillustrations 225 1 $aMultilingualism and Diversity Management,$x2210-7010 ;$vVolume 4 311 $a90-272-0058-0 311 $a90-272-6640-9 320 $aIncludes bibliographical references and indexes. 410 0$aMultilingualism and diversity management ;$vVolume 4. 606 $aMultilingualism$zSwitzerland 606 $aLanguage in the workplace$zSwitzerland 606 $aDiversity in the workplace$xManagement$zSwitzerland 606 $aMultilingual communication$zSwitzerland 606 $aLingua francas$zEuropean Union countries 606 $aLanguages in contact$zEuropean Union countries 615 0$aMultilingualism 615 0$aLanguage in the workplace 615 0$aDiversity in the workplace$xManagement 615 0$aMultilingual communication 615 0$aLingua francas 615 0$aLanguages in contact 676 $a306.44/609494 702 $aLu?di$b Georges 702 $aHo?chle Meier$b Katharina 702 $aYanaprasart$b Patchareerat 801 0$bMiAaPQ 801 1$bMiAaPQ 801 2$bMiAaPQ 906 $aBOOK 912 $a9910798635103321 996 $aManaging plurilingual and intercultural practices in the workplace$93722588 997 $aUNINA LEADER 01275nas 2200421- 450 001 9910891695503321 005 20260218112203.0 035 $a(CKB)2520000000011351 035 $a(CONSER)--2022215875 035 $a(DE-599)ZDB3036104-7 035 $a(DE-599)3036104-7 035 $a(EXLCZ)992520000000011351 100 $a20220721a20049999 --- - 101 0 $ahun 181 $ctxt$2rdacontent 182 $cc$2rdamedia 183 $acr$2rdacarrier 200 00$aCivil szemle 210 1$aBudapest :$cÚj Mandátum Könyvkiadó 210 21$aBudapest :$cCivil Szemle Alapítvány 215 $a1 online resource 300 $aRefereed/Peer-reviewed 311 08$aPrint version: Civil szemle. (DLC) 2022215875 (OCoLC)1336937221 1786-3341 517 1 $aCivil society 531 $aCIV SZLE 531 $aCIV. SZLE 606 $aCivil society$vPeriodicals 606 $aNonprofit organizations$vPeriodicals 606 $aSocial sciences$vPeriodicals 607 $aHungary$xSocial conditions$y1989-$vPeriodicals 615 0$aCivil society 615 0$aNonprofit organizations 615 0$aSocial sciences 906 $aJOURNAL 912 $a9910891695503321 920 $aexl_impl conversion 996 $aCivil szemle$94255700 997 $aUNINA